| 000 | 00709cam a2200229 4500 | ||
|---|---|---|---|
| 001 | D6201 | ||
| 008 | 090401t1984 xxu||||| |||| 00| 0 eng d | ||
| 035 | _a(Sirsi) u90392 | ||
| 041 | _aeng | ||
| 050 | _a692.8 | ||
| 090 | _aJCT 1984/8C | ||
| 110 |
_aJoint Contracts Tribunal _93664 |
||
| 245 | _aJCT standard form of building contract 1980 edition: practice note 20: deciding on the appropriate form of JCT main contract | ||
| 250 | _aRev | ||
| 260 |
_aLondon _bRIBA Publications for JCT _c1984 |
||
| 300 | _a10p. 30cm | ||
| 350 | _a0 | ||
| 490 |
_aJCT Practice Note _v20 |
||
| 520 | _aFiled in box JCT 1984/8 ABCD - Archives, B - Reference, C - Loan, D - Loan | ||
| 942 | _n0 | ||
| 948 | _c04/03/1997 | ||
| 999 |
_c97549 _d97549 |
||